Elements in the periodic table part 3 - Statistics

General Stats
  • This quiz has been taken 8 times
  • The average score is 6 of 7
Answer Stats
Hint Answer % Correct
As Arsenic
100%
C Carbon
100%
Cl Chlorine
100%
Co Cobalt
100%
Cp Copernicium
100%
Cu Copper
100%
Er Erbium
100%
Ga Gallium
100%
Hf Hafnium
100%
Sc Scandium
83%
Cd Cadmium
80%
Ca Calcium
80%
Lu Lutetium
67%
P Phosphorus
40%
No matching quizzes found
Score Distribution
Percent of People with Each Score
Percentile by Number Answered
Your Score History
You have not taken this quiz